Uses of randomness in algorithms and protocols

Αποθηκεύτηκε σε:
Λεπτομέρειες βιβλιογραφικής εγγραφής
Κύριος συγγραφέας: Kilian, Joe
Μορφή: Βιβλίο
Γλώσσα:English
Δημοσίευση: Cambridge, Mass. : MIT Press, c1990
Σειρά:ACM distinguished dissertations
Θέματα:
Ετικέτες: Προσθήκη ετικέτας
Δεν υπάρχουν, Καταχωρήστε ετικέτα πρώτοι!

MARC

LEADER 00000nam a2200000 i 4500
001 1/105967
008 000329s1990 eng d
020 |a 0-262-11153-5 
035 |l 10059451 
040 |a GR-MY-UA  |b gre  |e aacr 
041 0 |a eng 
082 0 |a 004.015192 
100 1 |a Kilian, Joe. 
245 1 0 |a Uses of randomness in algorithms and protocols /  |c Joe Kilian 
260 |a Cambridge, Mass. :   |b MIT Press,   |c c1990 
300 |a 235 p.;  |b ill.;  |c 24 cm. 
490 1 |a ACM distinguished dissertations 
504 |a Includes bibliographical references ( p.[229]-232) and index 
650 0 0 |a Computer science. 
650 0 0 |a Random variables. 
650 0 0 |a Computer algorithms. 
650 0 0 |a Computer network protocols. 
830 0 |a ACM distinguished dissertations 
852 |a INST  |b SAMOS  |e 20000329  |h 004.015192 KIL  |p 005300017810  |q 005300017810  |t BK  |y 0 
901 |a BIBL3-2000-1 
909 |a Σ  |b 076944 
922 |a 3ΕΛΗ  |b 200003  |c ΚΠΣ  |d ΠΑΠΑΣΩΤΗΡΙΟΥ 
950 |a 116-2000-01-12 
970 |a ΚΟΣΙΕΡΗΣ  |b ΧΡΗΣΤΟΣ  |z 2000/04/17